Taylor Swift Billions Club - Statistics

General Stats
  • This quiz has been taken 22 times
    5 since last reset
  • The average score is 27 of 29
Answer Stats
Streams Song % Correct
14 1,201,842,708 All Too Well (10 Minute Version)
100%
5 2,002,187,156 Anti-Hero
100%
8 1,782,846,064 august
100%
2 2,434,095,771 Blank Space
100%
6 1,975,583,140 cardigan
100%
1 3,340,211,696 Cruel Summer
100%
13 1,323,874,623 Delicate
100%
10 1,595,999,863 Don't Blame me
100%
25 1,020,118,641 Enchanted
100%
17 1,170,671,405 Fortnight (feat. Post Malone)
100%
20 1,116,313,943 I Knew You Were Trouble.
100%
27 1,018,267,634 Karma
100%
4 2,033,714,980 Lover
100%
19 1,125,054,856 Love Story
100%
29 980,786,232 ME! (feat. Brendon Urie)
100%
7 1,880,746,301 Shake It Off
100%
9 1,761,576,268 Style
100%
12 1,334,473,025 The Fate of Ophelia
100%
15 1,184,765,109 Wildest Dreams
100%
23 1,085,038,583 willow
100%
18 1,134,123,478 You Need To Calm Down
100%
22 1,087,640,134 exile (feat. Bon Iver)
75%
3 2,128,304,574 I Don't Wanna Live Forever
75%
11 1,431,969,434 Look What You Made Me Do
75%
16 1,184,039,689 Love Story (Taylor's Version)
75%
26 1,020,609,555 ...Ready For It?
75%
28 1,010,239,402 The Man
75%
21 1,091,058,119 You Belong With Me (Taylor's Version)
75%
24 1,022,428,322 Wildest Dreams (Taylor's Version)
50%
No matching quizzes found
Score Distribution
Percent of People with Each Score
Percentile by Number Answered
Your Score History
You have not taken this quiz since the last reset